Дистанционные методы геологических исследований, прогнозирования и поисков месторождений полезных ископаемых: учебное пособие

Détails bibliographiques
Auteur principal: Поцелуев А. А. Анатолий Алексеевич
Collectivités auteurs: Национальный исследовательский Томский политехнический университет (ТПУ) Институт природных ресурсов (ИПР) Кафедра общей геологии и землеустройства (ОГЗ), Национальный исследовательский Томский политехнический университет (ТПУ) Институт природных ресурсов (ИПР) Кафедра геологии и разведки полезных ископаемых (ГРПИ)
Autres auteurs: Ананьев Ю. С. Юрий Сергеевич, Житков В. Г. Владимир Георгиевич
Résumé:Заглавие с титульного экрана
В пособии изложены физические основы и современное состояние дистанционных методов геологических исследований, включая группы космических и воздушных методов. Рассмотрены физические основы методов, обработка и анализ данных, проявленность различных объектов, процессов и их основных характеристик в данных дистанционного зондирования, возможности применения и комплексирование методов для решения широкого круга геологических задач. Приведены примеры использования материалов мультиспектральных и радарных космических съемок при геологическом картировании, прогнозировании и поисках месторождений полезных ископаемых. Предназначено для аспирантов, студентов вузов, слушателей ФПК и специалистов, занимающихся вопросами геологических исследований, прогнозирования и поисков месторождений полезных ископаемых.
Режим доступа: из корпоративной сети ТПУ
Langue:russe
Publié: Томск, Изд-во ТПУ, 2014
Sujets:
Accès en ligne:http://www.lib.tpu.ru/fulltext2/m/2016/m063.pdf
Format: MixedMaterials Électronique Livre
KOHA link:https://koha.lib.tpu.ru/cgi-bin/koha/opac-detail.pl?biblionumber=317832

MARC

LEADER 00000nlm0a2200000 4500
001 317832
005 20231220111233.0
035 |a (RuTPU)RU\TPU\book\343300 
035 |a RU\TPU\book\343265 
090 |a 317832 
100 |a 20160414d2014 m y0rusy50 ca 
101 0 |a rus 
102 |a RU 
105 |a a j 001zy 
135 |a drcn ---uucaa 
181 0 |a i  
182 0 |a b 
200 1 |a Дистанционные методы геологических исследований, прогнозирования и поисков месторождений полезных ископаемых  |d Remote Sensing for Geological Studies, Prediction and Exploration of Mineral Deposits  |e учебное пособие  |f А. А. Поцелуев, Ю. С. Ананьев, В. Г. Житков  |g Национальный исследовательский Томский политехнический университет (ТПУ) 
203 |a Текст  |c электронный 
210 |a Томск  |c Изд-во ТПУ  |d 2014 
300 |a Заглавие с титульного экрана 
330 |a В пособии изложены физические основы и современное состояние дистанционных методов геологических исследований, включая группы космических и воздушных методов. Рассмотрены физические основы методов, обработка и анализ данных, проявленность различных объектов, процессов и их основных характеристик в данных дистанционного зондирования, возможности применения и комплексирование методов для решения широкого круга геологических задач. Приведены примеры использования материалов мультиспектральных и радарных космических съемок при геологическом картировании, прогнозировании и поисках месторождений полезных ископаемых. Предназначено для аспирантов, студентов вузов, слушателей ФПК и специалистов, занимающихся вопросами геологических исследований, прогнозирования и поисков месторождений полезных ископаемых. 
333 |a Режим доступа: из корпоративной сети ТПУ 
337 |a Adobe Reader 
510 1 |a Remote Sensing for Geological Studies, Prediction and Exploration of Mineral Deposits  |z eng 
606 1 |a Геологические исследования  |x Дистанционные методы  |2 stltpush  |3 (RuTPU)RU\TPU\subj\70226  |9 84636 
610 1 |a электронный ресурс 
610 1 |a труды учёных ТПУ 
610 1 |a учебные пособия 
610 1 |a прогнозирование 
610 1 |a поиски 
610 1 |a месторождения 
610 1 |a полезные ископаемые 
610 1 |a космические методы 
610 1 |a обработка данных 
610 1 |a дистанционное зондирование 
610 1 |a комплексирование 
610 1 |a космическая съемка 
610 1 |a картирование 
610 1 |a дистанционные исследования 
610 1 |a рудоносные площади 
610 1 |a космогеологические структуры 
675 |a 550.814(075.8)  |v 3 
700 1 |a Поцелуев  |b А. А.  |c геолог  |c профессор Томского политехнического университета, доктор геолого-минералогических наук  |f 1952-  |g Анатолий Алексеевич  |3 (RuTPU)RU\TPU\pers\26071 
701 1 |a Ананьев  |b Ю. С.  |c российский геолог  |c доцент Томского политехнического университета, кандидат геолого-минералогических наук  |f 1966-  |g Юрий Сергеевич  |3 (RuTPU)RU\TPU\pers\26228  |9 12016 
701 1 |a Житков  |b В. Г.  |c геолог  |c доцент Томского политехнического университета, кандидат геолого-минералогических наук  |f 1958-  |g Владимир Георгиевич  |3 (RuTPU)RU\TPU\pers\26229 
712 0 2 |a Национальный исследовательский Томский политехнический университет (ТПУ)  |b Институт природных ресурсов (ИПР)  |b Кафедра общей геологии и землеустройства (ОГЗ)  |3 (RuTPU)RU\TPU\col\18663 
712 0 2 |a Национальный исследовательский Томский политехнический университет (ТПУ)  |b Институт природных ресурсов (ИПР)  |b Кафедра геологии и разведки полезных ископаемых (ГРПИ)  |3 (RuTPU)RU\TPU\col\18660 
801 1 |a RU  |b 63413507  |c 20150819 
801 2 |a RU  |b 63413507  |c 20191224  |g RCR 
856 4 |u http://www.lib.tpu.ru/fulltext2/m/2016/m063.pdf 
942 |c CF